Médicaments les plus prescrits - Statistiques

Statistiques générales
  • Ce quiz a été pris 332 fois
  • Le résultat moyen est 4 sur 15
Statistiques - réponses
Classe thérapeutique Nb de
boîtes
Produit % Correct
Antalgiques 308.2 M Doliprane
97%
Hormone thyroïdienne 31.6 M Levothyrox
45%
Bronchodilatateurs 12.8 M Ventoline
43%
Antalgiques 71.6 M Dafalgan
40%
Laxatifs 17.8 M Macrogol
37%
Antibactériens 11.5 M Amoxicilline
33%
Antalgiques 23.9 M Efferalganmed
28%
Antithrombotiques 26.7 M Kardegic
28%
Anxiolytiques 18.4 M Seresta
26%
Antithrombotiques 13.7 M Eliquis
23%
Médicaments utilisés dansla dépendance opioïde 12.3 M Méthadone
15%
Vitamines 23.2 M ZymaD
13%
Antalgiques 12.1 M Izalgi
9%
Antalgiques 13.4 M Lamaline
9%
Antalgiques 13.6 M Dafalgan Codéine
4%
Aucun quiz correspondant
Distribution des résultats
% des personnes avec chaque résultat
Percentile par nombre de réponses
Votre historique - résultats
Vous n’avez pas pris ce quiz